Anything Lyrics Adrianne Lenker - Statistics

General Stats
  • This quiz has been taken 192 times
    134 since last reset
  • The average score is 287 of 384
Answer Stats
Answer % Correct
a
98%
i
98%
the
96%
anything
94%
when
94%
you
94%
and
92%
don't
92%
in
92%
of
92%
wanna
92%
your
92%
about
88%
talk
88%
with
88%
be
87%
to
85%
but
84%
christmas
83%
eve
83%
eyes
83%
kiss
83%
mother
83%
sis
82%
we
79%
car
78%
fight
78%
on
78%
family
76%
insists
75%
me
74%
just
73%
witness
73%
fan
71%
my
71%
part
71%
anyone
70%
fantasy
70%
put
70%
you're
70%
again
69%
barrel
69%
looking
69%
staring
69%
driving
67%
i'm
67%
sleep
67%
through
67%
while
67%
er
66%
lap
66%
lay
66%
risk
66%
white
66%
crying
65%
down
65%
sun
65%
teeth
65%
drive
64%
hot
64%
if
64%
owner
64%
shotgun
64%
(shotgun)
64%
they
64%
dog's
63%
list
63%
has
62%
fist
61%
need
61%
right
61%
some
61%
come
58%
mouth
57%
carol
54%
dripping
54%
slice
54%
still
54%
sea
53%
shining
53%
skin
53%
slipping
53%
grocery
52%
juice
52%
now
52%
pin
52%
shoulder
52%
ride
51%
wet
51%
mango
49%
sheen
49%
clothes
48%
get
48%
hanging
48%
heaven
48%
little
48%
messages
48%
stars
48%
store
48%
weren't
48%
like
47%
salt
47%
listen
46%
shirtsleeve
46%
way
46%
believe
45%
calls
45%
didn't
45%
unchecked
43%
mountain
42%
held
40%
jeans
40%
move
40%
scared
40%
couldn't
39%
new
39%
sound
39%
was
39%
indigo
38%
joa
38%
wanted
38%
words
38%
blinking
37%
heart
37%
whole
37%
beating
36%
dragon
36%
this
36%
say
35%
circle
33%
hands
33%
warm
33%
into
31%
ceiling
30%
fire
29%
red
29%
smoke
29%
soothe
29%
pine
28%
choke
26%
moss
26%
oak
26%
push
25%
yeah
25%
pull
24%
wheel
24%
clutch
22%
spoke
20%
(oh)
18%
No matching quizzes found
Score Distribution
Percent of People with Each Score
Percentile by Number Answered
Your Score History
You have not taken this quiz since the last reset